| 000 | 01238nam a2200253Ia 4500 | ||
|---|---|---|---|
| 999 |
_c36861 _d36861 |
||
| 001 | 2810 | ||
| 003 | GE_BSU | ||
| 005 | 20190506141055.0 | ||
| 008 | 181216s1996||||ge |||||||||||||| ||geo|| | ||
| 040 | _cGE_BSU | ||
| 041 | _ageo | ||
| 080 | _a334.758(075.8) ვ–82 | ||
| 100 |
_aვორსტი, იორგენ _9778 |
||
| 245 |
_aფირმის ეკონომიკა / _cიორგენ, ვორსტი ; მთარგმნ : რამაზ ნამიჭეიშვილი ; ზურაბ მიქაბერიძე , ინეზა წერეთელი და სხვ. რედ : გოჩა ჩიტიძე |
||
| 264 |
_aქუთაისი ; _c1996. |
||
| 300 |
_a286 გვ ; _c 20 სმ. |
||
| 541 | _h6 ლ. 50 თ. | ||
| 653 | _aფირმის ეკონომიკა | ||
| 700 |
_aნამიჭეიშვილი , რამაზ _eმთარგმნელი _9700 |
||
| 700 |
_aმიქაბერიძე , _eმთარგმნელი _9779 |
||
| 700 |
_aწერეთელი , ინეზა _eმთარგმნელი _9780 |
||
| 700 |
_aჩიტიძე , გოჩა _eრედაქტორი _9781 |
||
| 942 |
_cBK _2udc |
||